Paite-zokam: Bible quiz / (Record no. 1588)

MARC details
000 -LEADER
fixed length control field 00429nam a2200157Ia 4500
003 - CONTROL NUMBER IDENTIFIER
control field GBCCL
005 - DATE AND TIME OF LATEST TRANSACTION
control field 20241126110404.0
008 - FIXED-LENGTH DATA ELEMENTS--GENERAL INFORMATION
fixed length control field 170508b xxu||||| |||| 00| 0 eng d
040 ## - CATALOGING SOURCE
Transcribing agency gbc
082 ## - DEWEY DECIMAL CLASSIFICATION NUMBER
Classification number VER 220.076
Item number BIB
245 ## - TITLE STATEMENT
Title Paite-zokam: Bible quiz /
Statement of responsibility, etc. compiled and edited by G Khamzagin
260 ## - PUBLICATION, DISTRIBUTION, ETC.
Name of publisher, distributor, etc. BCD, NLBC
Place of publication, distribution, etc. Elim veng, New Lamka :
Date of publication, distribution, etc. 2011
300 ## - PHYSICAL DESCRIPTION
Extent 139
650 #0 - SUBJECT ADDED ENTRY--TOPICAL TERM
Topical term or geographic name entry element Bible
Form subdivision quiz
9 (RLIN) 3217
942 ## - ADDED ENTRY ELEMENTS (KOHA)
Edition 1ST ED
Source of classification or shelving scheme Dewey Decimal Classification
Koha item type Books
Koha issues (borrowed), all copies 1
Holdings
Withdrawn status Lost status Source of classification or shelving scheme Damaged status Not for loan Home library Current Library Shelving location Date acquired Total checkouts Full call number Barcode Date last seen Copy number Price effective from Koha item type Date last checked out
    Dewey Decimal Classification     GRACE BIBLE COLLEGE GRACE BIBLE COLLEGE Vernacular 2017-05-08   VER 220.076 BIB 010301 2025-05-01 c.1 2017-05-08 Books  
    Dewey Decimal Classification     GRACE BIBLE COLLEGE GRACE BIBLE COLLEGE Vernacular 2017-05-08 1 VER 220.076 BIB 010302 2025-05-01 c.2 2017-05-08 Books 2024-11-06
© Grace Bible College Library 2025